000 00374 a2200157 4500
001 173833
020 _a85-7208-044-6
040 _cMagnum
100 _aJunqueira, Sonia
240 1 0 _aO que aconteceu no caldeirão da bruxa?
_lpor
245 1 0 _aO que aconteceu no caldeirão da bruxa?
300 _a15
362 0 _a2009
697 _aLITERATURA INFANTIL
942 _cBK
999 _c173833
_d173833